000 00951cab a22001935a 4500
001 L155031
008 120220e20120217xxk 000 0 eng d
035 _a(Sirsi) u155031
041 0 _aeng
100 1 _aHunter, Rachel
245 0 0 _aAgile working will keep office landlords on their toes
260 _c2012
490 0 _aProperty Week
_v78(07) 17 February 2012, 60(1)
520 _aAt the recent CoreNet Global UK summit top occupiers discussed how they are slimming their property portfolios to respond to the tougher economic reality. Agile working is a key strategy where employees can work at their preferred time and space as long as they get the job done. The public sector has really embraced the concept. Flexible working practices allow businesses to retain staff but consolidate space, gaining 20-30% in efficiency savings.
590 _aKA
651 4 _aUnited Kingdom
_y
690 _aFacilities management
_96240
942 _n0
999 _c83790
_d83790